New, high altitude colombian species of the ant genus Camponotus with dimorphic males and females (Hymenoptera: Formicidae) (Registro nro. 12490)

Detalles MARC
000 -CABECERA
Campo de control 006840000a22002050004500
090 ## - CLASIFICACIÓN LOCAL
Colección AR
Consecutivo 03439
041 0# - IDIOMA
Código de idioma para texto/pista de sonido o título separado
100 1# - ASIENTO PRINCIPAL--NOMBRE PERSONAL
Nombre personal Mackay, William P.
245 10 - MENCION DE TITULO
Título New, high altitude colombian species of the ant genus Camponotus with dimorphic males and females (Hymenoptera: Formicidae)
650 14 - ASIENTO SECUNDARIO DE MATERIA - TERMINO TEMATICO
Término temático o nombre geográfico como elemento de entrada Insectos
650 14 - ASIENTO SECUNDARIO DE MATERIA - TERMINO TEMATICO
Término temático o nombre geográfico como elemento de entrada Entomología
650 14 - ASIENTO SECUNDARIO DE MATERIA - TERMINO TEMATICO
Término temático o nombre geográfico como elemento de entrada Páramos
650 14 - ASIENTO SECUNDARIO DE MATERIA - TERMINO TEMATICO
Término temático o nombre geográfico como elemento de entrada Morfología animal
650 14 - ASIENTO SECUNDARIO DE MATERIA - TERMINO TEMATICO
Término temático o nombre geográfico como elemento de entrada Taxonomía animal
653 ## - TERMINO DE INDIZACION - NO CONTROLADO
-- Camponotus
-- Camponotus polymorphicus
700 1# - ASIENTO SECUNDARIO - NOMBRE PERSONAL
Nombre personal López Castro, Camilo
700 1# - ASIENTO SECUNDARIO - NOMBRE PERSONAL
Nombre personal Fernández, Fernando
773 1# - Item fuente:
Título Sociobiology
Descripción física 2
Paginas del Articulo 421-430
Lugar, editorial y fecha de publicación 2002
Información sobre la relación 40
942 ## - ELEMENTOS ADICIONALES (KOHA)
Tipo de ítem Artículo
Existencias
Withdrawn status Lost status Volumen Damaged status No para préstamo Colección Ubicación Permanente Ubicación actual Fecha de adquisición Fuente de Valor Datos de publicación Seriada Total Checkouts Número topográfico Inventario / Código de Barras Date last seen Price effective from Forma de adquisición Tipo de material
    1   No para Préstamo Hemeroteca Bogotá Bogotá 27/02/2015 Sarmiento, Carlos Fuera de circulación   AR 03439 014575 25/03/2015 25/03/2015   Artículo